000
00301nam a2200109Ia 4500
008
200302s9999 xx 000 0 und d
100
_a
Ruturaj Parikh and Other
245
_a
Brinda somaya works and continuities an Architectural monograph
260
_b
Mapin Publishing
260
_c
2018
300
_a
491
999
_c
7085
_d
7085